101 Ways to Win Blackjack : (Record no. 588595)

MARC details
000 -LEADER
fixed length control field 00443nam a2200181 a 4500
008 - FIXED-LENGTH DATA ELEMENTS--GENERAL INFORMATION
fixed length control field 250921s2009##################000#0#eng##
020 ## - INTERNATIONAL STANDARD BOOK NUMBER
ISBN 9781440500053
082 04 - DEWEY DECIMAL CLASSIFICATION NUMBER
Classification number 795
Item number HAG
100 1# - MAIN ENTRY--AUTHOR NAME
Personal name Hagen, Tom,
245 10 - TITLE STATEMENT
Title 101 Ways to Win Blackjack :
260 ## - PUBLICATION, DISTRIBUTION, ETC. (IMPRINT)
Name of publisher Adams Media,
Year of publication 2009.
650 #0 - SUBJECT ADDED ENTRY--TOPICAL TERM
Topical Term Games & Activities.
942 ## - ADDED ENTRY ELEMENTS (KOHA)
Koha item type English Books
Holdings
Withdrawn status Lost status Damaged status Not for loan Home library Current library Shelving location Date acquired Full call number Accession Number Price effective from Koha item type
        Anna Centenary Library Anna Centenary Library 6TH FLOOR, B WING 21.09.2025 795 HAG 426178 21.09.2025 English Books

Find us on the map